[Event "ch-Schachbundesliga 2020"]
[Site "Karlsruhe GER"]
[Date "2020.09.18"]
[Round "4.4"]
[Board "1"]
[White "Gumularz, Szymon"]
[Black "Huschenbeth, Niclas"]
[Result "1/2-1/2"]
[WhiteTitle "IM"]
[BlackTitle "GM"]
[WhiteElo "2518"]
[BlackElo "2612"]
[WhiteTeam "SF Berlin"]
[BlackTeam "FC Bayern Muenchen"]
[WhiteFideId "1188062"]
[BlackFideId "24604747"]
[EventDate "2020.09.16"]

1. Nf3 d5 2. g3 c5 3. Bg2 Nf6 4. O-O e6 5. c4 d4 6. e3 Nc6 7. exd4 cxd4 8. d3 h6
9. Bf4 Nd7 10. Re1 g5 11. Bc1 Bg7 12. Na3 Nc5 13. Nc2 a5 14. b3 O-O 15. Ba3 Qb6
16. h4 g4 17. Bxc5 Qxc5 18. Nd2 f5 19. a3 Bd7 20. Rb1 Qd6 21. b4 axb4 22. axb4
e5 23. c5 Qg6 24. b5 Na5 25. Nb4 Qf7 26. c6 Be6 27. cxb7 Nxb7 28. Nc6 e4 29.
dxe4 f4 30. e5 Nc5 31. Kh2 Nd3 32. Qe2 Nxe1 33. Qxe1 Ra2 34. b6 f3 35. b7 fxg2
36. b8=Q Rxb8 37. Rxb8+ Bf8 38. Nxd4 Bd5 39. e6 Qa7 40. e7 Qxb8 41. e8=Q Qxe8
42. Qxe8 Rxd2 43. Nc2 Rxf2 44. Qd7 Bf3 45. Qe6+ Kh8 46. Qf6+ Kg8 47. Qe6+ Kh8
48. Qf6+ 1/2-1/2

[Event "ch-Schachbundesliga 2020"]
[Site "Karlsruhe GER"]
[Date "2020.09.18"]
[Round "4.4"]
[Board "2"]
[White "Bogner, Sebastian"]
[Black "Baldauf, Marco"]
[Result "1/2-1/2"]
[WhiteTitle "GM"]
[BlackTitle "GM"]
[WhiteElo "2571"]
[BlackElo "2503"]
[WhiteTeam "FC Bayern Muenchen"]
[BlackTeam "SF Berlin"]
[WhiteFideId "4692055"]
[BlackFideId "4688210"]
[EventDate "2020.09.16"]

1. e4 c5 2. Nf3 e6 3. d4 cxd4 4. Nxd4 a6 5. Bd3 Nf6 6. O-O Qc7 7. Qe2 d6 8. c4
g6 9. Nc3 Bg7 10. Nf3 O-O 11. h3 Nc6 12. Rd1 Nd7 13. Be3 Bxc3 14. bxc3 f6 15.
Bc2 Nd8 16. Nd2 e5 17. Nf1 Nf7 18. f4 exf4 19. Bxf4 Nde5 20. Ne3 Be6 21. Bb3
Rac8 22. Rd4 Qe7 23. Rad1 Rc5 24. Nd5 Bxd5 25. Rxd5 Rfc8 26. Rxc5 Rxc5 27. Be3
Rc8 28. c5 dxc5 29. Bd5 Kg7 30. Rb1 b5 31. a4 Nd6 32. axb5 axb5 33. Qf2 Nd3 34.
Qd2 Ne5 35. Qf2 Nd3 1/2-1/2

[Event "ch-Schachbundesliga 2020"]
[Site "Karlsruhe GER"]
[Date "2020.09.18"]
[Round "4.4"]
[Board "3"]
[White "Sprenger, Jan Michael"]
[Black "Dragnev, Valentin"]
[Result "1/2-1/2"]
[WhiteTitle "GM"]
[BlackTitle "GM"]
[WhiteElo "2482"]
[BlackElo "2553"]
[WhiteTeam "SF Berlin"]
[BlackTeam "FC Bayern Muenchen"]
[WhiteFideId "4646258"]
[BlackFideId "1634852"]
[EventDate "2020.09.16"]

1. e4 e6 2. d4 d5 3. Nd2 c5 4. Ngf3 cxd4 5. exd5 Qxd5 6. Bc4 Qd6 7. O-O Nf6 8.
Nb3 Nc6 9. Nbxd4 Nxd4 10. Nxd4 Be7 11. Nb5 Qc6 12. Qe2 O-O 13. Bf4 a6 14. Nd4
Qc5 15. Be3 Qc7 16. Bb3 e5 17. Nf3 e4 18. Nd2 Ng4 19. g3 Qe5 20. Bf4 Qh5 21. h4
Bf5 22. Nxe4 Rae8 1/2-1/2

[Event "ch-Schachbundesliga 2020"]
[Site "Karlsruhe GER"]
[Date "2020.09.18"]
[Round "4.4"]
[Board "4"]
[White "Studer, Noel"]
[Black "Blohberger, Felix"]
[Result "1-0"]
[WhiteTitle "GM"]
[BlackTitle "IM"]
[WhiteElo "2573"]
[BlackElo "2467"]
[WhiteTeam "FC Bayern Muenchen"]
[BlackTeam "SF Berlin"]
[WhiteFideId "1319620"]
[BlackFideId "1632051"]
[EventDate "2020.09.16"]

1. d4 Nf6 2. c4 c5 3. d5 g6 4. Nc3 Bg7 5. e4 O-O 6. Nf3 e6 7. h3 d6 8. Bd3 Na6
9. O-O e5 10. Bg5 h6 11. Be3 Nh7 12. Qd2 f5 13. exf5 gxf5 14. Bxh6 Qf6 15. Bxg7
Qxg7 16. Nh4 f4 17. Kh2 Qh6 18. Nf3 Kh8 19. Rh1 Rg8 20. Ne4 Nb4 21. Bb1 Bg4 22.
Qc3 Rg7 23. Kg1 Bf5 24. h4 Qg6 25. Nfg5 Kg8 26. Qf3 Nxg5 27. hxg5 Bxe4 28. Bxe4
Qxg5 29. Rh5 Qg4 30. Qxg4 Rxg4 31. Bf5 1-0

[Event "ch-Schachbundesliga 2020"]
[Site "Karlsruhe GER"]
[Date "2020.09.18"]
[Round "4.4"]
[Board "5"]
[White "Jakubowski, Krzysztof"]
[Black "Bischoff, Klaus"]
[Result "1-0"]
[WhiteTitle "GM"]
[BlackTitle "GM"]
[WhiteElo "2481"]
[BlackElo "2503"]
[WhiteTeam "SF Berlin"]
[BlackTeam "FC Bayern Muenchen"]
[WhiteFideId "1112848"]
[BlackFideId "4600045"]
[EventDate "2020.09.16"]

1. e4 Nf6 2. e5 Nd5 3. c4 Nb6 4. d4 d6 5. exd6 exd6 6. h3 Be7 7. Nf3 c6 8. Bd3
Na6 9. a3 Nc7 10. O-O d5 11. c5 Nd7 12. Qc2 Nf8 13. Nc3 Nce6 14. Ne2 Ng6 15. Nh2
O-O 16. f4 f5 17. Nf3 a5 18. g4 Nh4 19. Ne5 g6 20. Be3 Ng7 21. g5 h6 22. gxh6
Nh5 23. Bf2 Kh7 24. Kh1 Bd7 25. Rg1 Be8 26. Qd2 Bf6 27. Bxh4 Bxh4 28. Rg2 Nf6
29. Ng1 Ne4 30. Qe3 b6 31. Ngf3 bxc5 32. dxc5 Rb8 33. Nd4 Qf6 34. Bxe4 fxe4 35.
b4 g5 36. Qc3 Rb7 37. Rag1 axb4 38. axb4 Re7 39. Ng4 Qxf4 40. Ne6 Qf3 41. Nxf8+
Qxf8 42. Nf6+ Kxh6 43. Ng8+ Qxg8 44. Qf6+ Qg6 45. Qxe7 Qf5 46. Rg4 Bg6 47. b5 d4
48. b6 1-0

[Event "ch-Schachbundesliga 2020"]
[Site "Karlsruhe GER"]
[Date "2020.09.18"]
[Round "4.4"]
[Board "6"]
[White "Fedorovsky, Michael"]
[Black "Schmidek, Emil"]
[Result "1-0"]
[WhiteTitle "IM"]
[BlackTitle "FM"]
[WhiteElo "2422"]
[BlackElo "2395"]
[WhiteTeam "FC Bayern Muenchen"]
[BlackTeam "SF Berlin"]
[WhiteFideId "14105454"]
[BlackFideId "12908150"]
[EventDate "2020.09.16"]

1. d4 d5 2. c4 e6 3. Nc3 a6 4. cxd5 exd5 5. Nf3 Nf6 6. Bg5 Be6 7. Bxf6 Qxf6 8.
Qb3 Ra7 9. g3 Bd6 10. Bg2 O-O 11. O-O Nd7 12. Nxd5 Qd8 13. Ne5 Nb6 14. e4 a5 15.
Qc2 Bxd5 16. exd5 a4 17. Nd3 Qf6 18. Qc3 Qf5 19. Ne5 f6 20. f4 fxe5 21. fxe5 Qd7
22. exd6 Qxd6 23. Rxf8+ Kxf8 24. Rf1+ Kg8 25. Qf3 Ra8 26. Qf7+ Kh8 27. Re1 Qf8
28. Qxf8+ Rxf8 29. Re7 Rc8 30. Bh3 Nxd5 31. Bxc8 Nxe7 32. Bxb7 Kg8 33. Kf2 Kf7
34. Be4 h6 35. Bc2 Ke6 36. Bxa4 Kd5 37. Ke3 Nf5+ 38. Kd3 Nxd4 39. Bb3+ Kc5 40.
Bd1 Nc6 41. Ke4 Kd6 42. a3 Ke6 43. b4 Kd6 44. h4 Ne7 45. Bb3 Nc6 46. h5 Nb8 47.
Kf5 Ke7 48. Ba4 Kf7 49. Bb5 Ke7 50. a4 c6 51. Bc4 Nd7 52. a5 Kd6 53. a6 Kc7 54.
Ke6 Nf6 55. Be2 Ne4 56. g4 Nc3 57. Bf3 Na2 58. b5 1-0

[Event "ch-Schachbundesliga 2020"]
[Site "Karlsruhe GER"]
[Date "2020.09.18"]
[Round "4.4"]
[Board "7"]
[White "Polzin, Rainer"]
[Black "Lokander, Martin"]
[Result "0-1"]
[WhiteTitle "GM"]
[BlackTitle "IM"]
[WhiteElo "2415"]
[BlackElo "2406"]
[WhiteTeam "SF Berlin"]
[BlackTeam "FC Bayern Muenchen"]
[WhiteFideId "4610741"]
[BlackFideId "1709569"]
[EventDate "2020.09.16"]

1. e4 c5 2. Nc3 Nc6 3. Nf3 e5 4. Bc4 Be7 5. d3 d6 6. Nd2 Nf6 7. Nf1 Nd7 8. a3
Nb6 9. Ba2 Be6 10. Ne3 O-O 11. h4 Kh8 12. Ncd5 Qd7 13. c3 Bd8 14. Qf3 Ne7 15.
Nxb6 Bxb6 16. g4 Rad8 17. c4 Ba5+ 18. Kf1 h5 19. g5 Bg4 20. Qg3 f5 21. gxf6 Rxf6
22. Nxg4 hxg4 23. Ke2 Rf3 24. Qg2 Rdf8 25. h5 Nc6 26. Be3 Qf7 27. Raf1 Nd4+ 28.
Kd1 g3 29. Bb1 gxf2 30. Bc1 Qe8 31. Bc2 Rxd3+ 0-1

[Event "ch-Schachbundesliga 2020"]
[Site "Karlsruhe GER"]
[Date "2020.09.18"]
[Round "4.4"]
[Board "8"]
[White "Schenk, Andreas"]
[Black "Florstedt, Johannes"]
[Result "1/2-1/2"]
[WhiteTitle "IM"]
[BlackTitle "FM"]
[WhiteElo "2431"]
[BlackElo "2353"]
[WhiteTeam "FC Bayern Muenchen"]
[BlackTeam "SF Berlin"]
[WhiteFideId "4644891"]
[BlackFideId "12922293"]
[EventDate "2020.09.16"]

1. d4 Nf6 2. c4 g6 3. Nc3 d5 4. Bf4 Bg7 5. e3 O-O 6. Rc1 Be6 7. cxd5 Nxd5 8.
Nxd5 Qxd5 9. b3 Na6 10. Nf3 Rac8 11. Bc4 Qa5+ 12. Qd2 Qxd2+ 13. Kxd2 Bxc4 14.
Rxc4 c5 15. dxc5 Rxc5 16. Rhc1 Rd8+ 17. Ke2 Rxc4 18. Rxc4 b5 19. Re4 e5 20. Bxe5
Re8 21. Bxg7 Rxe4 22. Be5 Nb4 23. a3 Nc6 24. Bc3 Re8 25. Kd3 f5 26. h3 Rd8+ 27.
Ke2 h5 28. Ne1 a5 29. Nd3 Kf7 30. h4 Ke7 31. Nf4 Rd6 32. Bg7 Kf7 33. Bc3 a4 34.
bxa4 bxa4 35. Nd3 Rd5 36. Nb2 Rd7 37. Nxa4 Ra7 38. Nb6 Rxa3 39. Nd5 Nd8 40. Bd4
Ne6 41. Nf4 Nd8 42. Nd3 Ra6 43. Kf3 Ke8 44. Nf4 Nf7 45. Nh3 Rc6 46. Bg7 Nd6 47.
Ng5 Rc4 48. Be5 Ne4 49. Nxe4 fxe4+ 50. Kg3 Kd7 51. Bg7 Ke6 52. Bh6 Rc5 53. f3
Kf5 54. Bg5 Rc7 55. Bf4 Rf7 56. Bg5 Ke5 57. Bh6 Kd5 58. Bg5 Ra7 59. Kf4 Ra4 60.
fxe4+ Rxe4+ 61. Kf3 Ke5 62. Bf4+ Kf5 63. g3 Ra4 64. Bh6 Ra5 65. Bf4 Rb5 66. Bh6
Ke5 67. Bg7+ Kd5 68. e4+ Ke6 69. Kf4 Rb1 70. Bh8 Rf1+ 71. Ke3 Kd6 72. Ke2 Rf8
73. Bg7 Rf7 74. Bh8 Kc5 75. Ke3 Kc4 76. Be5 Rf1 77. Bg7 Rb1 78. Bf6 Rb6 79. Bg5
Rb3+ 80. Kf4 Kd3 81. e5 Rb4+ 82. Kf3 Re4 83. Bf6 Ra4 84. Bg5 Re4 85. Bf6 Rb4 86.
Bg5 Rb8 87. Bf6 Kd4 88. Kf4 Kd5 89. Kg5 Rg8 90. Kh6 Ke6 91. Kh7 Kf7 92. e6+ Kxe6
93. Kxg8 Kxf6 94. Kh7 Kf7 95. Kh6 Kf6 96. Kh7 Kf5 97. Kh6 Kf6 1/2-1/2

[Event "ch-Schachbundesliga 2020"]
[Site "Karlsruhe GER"]
[Date "2020.09.19"]
[Round "5.1"]
[Board "2"]
[White "McShane, Luke J"]
[Black "Vachier-Lagrave, Maxime"]
[Result "1/2-1/2"]
[WhiteTitle "GM"]
[BlackTitle "GM"]
[WhiteElo "2680"]
[BlackElo "2778"]
[WhiteTeam "SV Werder Bremen"]
[BlackTeam "OSG Baden-Baden"]
[WhiteFideId "404853"]
[BlackFideId "623539"]
[EventDate "2020.09.16"]

1. Nf3 c5 2. c4 Nf6 3. d4 cxd4 4. Nxd4 Nc6 5. Nc3 e6 6. Bf4 d5 7. e3 Bb4 8. Be2
Bd7 9. Nb5 e5 10. Bg3 Be6 11. O-O dxc4 12. Qa4 a6 13. Rad1 Qe7 14. Bxe5 O-O 15.
Bxf6 gxf6 16. Nd4 Nxd4 17. exd4 Bxc3 18. bxc3 Bd5 19. Rde1 Qd6 20. Bg4 Kh8 21.
Qd1 Qc6 22. Bf5 Rg8 23. g3 Bg2 24. Qh5 Rg7 25. Bd7 Qd5 26. Qxd5 Bxd5 27. Re7 b5
28. a4 Rgg8 29. axb5 axb5 30. Bxb5 Rgb8 31. Bd7 Rb7 32. Re8+ Rxe8 33. Bxe8 Re7
34. Bb5 Rb7 35. Ba4 Ra7 36. Bb5 Rb7 37. Ba6 Rb3 38. Rc1 Be6 39. Kf1 Rb6 40. Ra1
Rb3 41. Bc8 Bxc8 42. Ra8 Rxc3 43. Rxc8+ Kg7 44. d5 Rd3 45. Rxc4 Rxd5 1/2-1/2

[Event "ch-Schachbundesliga 2020"]
[Site "Karlsruhe GER"]
[Date "2020.09.19"]
[Round "5.1"]
[Board "3"]
[White "Aronian, Levon"]
[Black "Areshchenko, Alexander"]
[Result "1/2-1/2"]
[WhiteTitle "GM"]
[BlackTitle "GM"]
[WhiteElo "2773"]
[BlackElo "2678"]
[WhiteTeam "OSG Baden-Baden"]
[BlackTeam "SV Werder Bremen"]
[WhiteFideId "13300474"]
[BlackFideId "14109530"]
[EventDate "2020.09.16"]

1. c4 c5 2. Nc3 g6 3. g3 Bg7 4. Bg2 Nc6 5. d3 d6 6. Qd2 Nf6 7. b3 O-O 8. Bb2 e6
9. e3 d5 10. Nge2 dxc4 11. bxc4 Qd7 12. Rd1 b6 13. d4 Bb7 14. dxc5 Qxd2+ 15.
Rxd2 Na5 16. Bxb7 Nxb7 17. cxb6 axb6 18. O-O Na5 19. c5 Nc4 20. Rc2 Nxb2 21.
Rxb2 1/2-1/2

[Event "ch-Schachbundesliga 2020"]
[Site "Karlsruhe GER"]
[Date "2020.09.19"]
[Round "5.1"]
[Board "4"]
[White "Efimenko, Zahar"]
[Black "Wojtaszek, Radoslaw"]
[Result "1/2-1/2"]
[WhiteTitle "GM"]
[BlackTitle "GM"]
[WhiteElo "2602"]
[BlackElo "2717"]
[WhiteTeam "SV Werder Bremen"]
[BlackTeam "OSG Baden-Baden"]
[WhiteFideId "14107201"]
[BlackFideId "1118358"]
[EventDate "2020.09.16"]

1. e4 c5 2. Nf3 d6 3. d4 cxd4 4. Nxd4 Nf6 5. Nc3 a6 6. Be2 e5 7. Nb3 Be7 8. O-O
O-O 9. Be3 Be6 10. Qd2 Nbd7 11. a4 Rc8 12. a5 Re8 13. Rfd1 h6 14. Nc1 Ng4 15.
Bxg4 Bxg4 16. f3 Be6 17. N1e2 Qc7 18. Kh1 Nf6 19. Ng3 Qc6 20. Bb6 Nd7 1/2-1/2

[Event "ch-Schachbundesliga 2020"]
[Site "Karlsruhe GER"]
[Date "2020.09.19"]
[Round "5.1"]
[Board "5"]
[White "Rapport, Richard"]
[Black "Van Foreest, Lucas"]
[Result "1/2-1/2"]
[WhiteTitle "GM"]
[BlackTitle "GM"]
[WhiteElo "2760"]
[BlackElo "2531"]
[WhiteTeam "OSG Baden-Baden"]
[BlackTeam "SV Werder Bremen"]
[WhiteFideId "738590"]
[BlackFideId "1039792"]
[EventDate "2020.09.16"]

1. Nf3 d5 2. g3 e6 3. Bg2 Nf6 4. O-O Be7 5. d4 O-O 6. a3 h6 7. c4 dxc4 8. Qa4 a6
9. Qxc4 b5 10. Qc2 Bb7 11. Bd2 Be4 12. Qc1 Nc6 13. Be3 Rc8 14. Rd1 b4 15. axb4
Nxb4 16. Nc3 Bh7 17. Bf4 Nfd5 18. Nxd5 exd5 19. Bh3 f5 20. Bd2 c5 21. dxc5 Bxc5
22. Bxb4 Bxb4 23. Qe3 Qe8 24. Qxe8 Rcxe8 25. Nd4 Rf6 26. Bg2 g5 27. Bxd5+ Kh8
28. Nc6 Bf8 29. Kf1 Bg8 30. Rac1 Rc8 31. Bg2 Bg7 32. h3 Rf7 33. Nd8 Rd7 34. Nc6
Rxd1+ 35. Rxd1 Bxb2 36. Bf3 Rc7 37. Rd2 Bc3 38. Rd3 Bf6 39. Rd6 Kg7 40. Na5 Rc1+
41. Kg2 Ra1 42. Rxa6 Bc3 43. Ra7+ Kf6 44. Nc6 Rxa7 45. Nxa7 Bc4 46. e3 f4 47.
exf4 gxf4 48. gxf4 Bd2 49. Kg3 Kf5 50. Bg4+ Ke4 51. f5 Bf4+ 52. Kg2 Bf7 53. h4
h5 54. Bh3 Be5 55. Nc6 Bd6 56. Kg1 Be8 57. Na5 Be7 58. Nc4 Kf4 59. Ne3 Ke5 60.
Ng2 Bc6 61. f4+ Kd4 62. Kh2 Bxg2 63. Kxg2 Bxh4 64. f6 Bxf6 65. Bg4 hxg4 66. Kg3
Be5 67. fxe5 Kxe5 68. Kxg4 1/2-1/2

[Event "ch-Schachbundesliga 2020"]
[Site "Karlsruhe GER"]
[Date "2020.09.19"]
[Round "5.1"]
[Board "7"]
[White "Naiditsch, Arkadij"]
[Black "Werle, Jan"]
[Result "1-0"]
[WhiteTitle "GM"]
[BlackTitle "GM"]
[WhiteElo "2624"]
[BlackElo "2580"]
[WhiteTeam "OSG Baden-Baden"]
[BlackTeam "SV Werder Bremen"]
[WhiteFideId "4650891"]
[BlackFideId "1006088"]
[EventDate "2020.09.16"]

1. e4 e6 2. d4 d5 3. e5 c5 4. c3 Nc6 5. Nf3 Qb6 6. a3 c4 7. Nbd2 Na5 8. g3 Bd7
9. h4 Ne7 10. Bh3 Qc7 11. O-O Nc8 12. h5 h6 13. Nh4 Nb6 14. f4 Be7 15. Ndf3 Nb3
16. Rb1 Nxc1 17. Qxc1 O-O-O 18. f5 exf5 19. Bxf5 Rdf8 20. Kg2 Rhg8 21. Qc2 Kb8
22. Bxd7 Qxd7 23. Rbe1 Bd8 24. Re2 a6 25. Rff2 Nc8 26. Qf5 Qc6 27. Qh3 g5 28.
hxg6 fxg6 29. e6 Bc7 30. Nh2 Rxf2+ 31. Rxf2 Ne7 32. Qg4 g5 33. N4f3 h5 34. Qxh5
Qxe6 35. Nxg5 Qe3 36. Nhf3 Nf5 37. g4 Ng3 38. Qh7 Re8 39. Qf7 Re7 40. Qf6 Re8
41. Ne5 Qe1 42. Qf7 Rxe5 43. dxe5 Qxe5 44. Nf3 Qe4 45. Qf8+ Ka7 46. Qg7 Kb8 47.
Qh8+ 1-0

[Event "ch-Schachbundesliga 2020"]
[Site "Karlsruhe GER"]
[Date "2020.09.19"]
[Round "5.1"]
[Board "8"]
[White "Reuker, Jari"]
[Black "Movsesian, Sergei"]
[Result "1/2-1/2"]
[BlackTitle "GM"]
[WhiteElo "2401"]
[BlackElo "2649"]
[WhiteTeam "SV Werder Bremen"]
[BlackTeam "OSG Baden-Baden"]
[WhiteFideId "12909300"]
[BlackFideId "310204"]
[EventDate "2020.09.16"]

1. e4 c5 2. Nf3 e6 3. d4 cxd4 4. Nxd4 Nc6 5. Nc3 d6 6. Be3 a6 7. Qd2 Nf6 8.
O-O-O Bd7 9. f3 h5 10. Nxc6 Bxc6 11. Bf4 d5 12. Qe1 Bb4 13. a3 Ba5 14. Bg5 d4
15. b4 Bb6 16. e5 Qc7 17. exf6 gxf6 18. Bd2 dxc3 19. Bxc3 a5 20. Kb2 axb4 21.
axb4 Ke7 22. Qh4 Rh6 23. Bc4 Rc8 24. Rd3 Be8 25. Kb3 Rg6 26. Re1 Bf2 27. Qxf2
Qxc4+ 28. Kb2 Bb5 29. g3 Qc6 30. Rde3 Rgg8 31. Bd4 Rgd8 32. Rc3 Qd5 33. Bc5+ Ke8
34. Qe3 Ra8 35. Ra3 Rxa3 36. Qxa3 Bc6 37. f4 Qc4 38. Qc3 Qxc3+ 39. Kxc3 f5 40.
Bd4 Be4 41. Rc1 Rc8+ 42. Kb2 b5 43. c3 Ra8 44. Ra1 Rxa1 1/2-1/2

[Event "ch-Schachbundesliga 2020"]
[Site "Karlsruhe GER"]
[Date "2020.09.19"]
[Round "5.2"]
[Board "1"]
[White "Heimann, Andreas"]
[Black "Gumularz, Szymon"]
[Result "1/2-1/2"]
[WhiteTitle "GM"]
[BlackTitle "IM"]
[WhiteElo "2617"]
[BlackElo "2518"]
[WhiteTeam "Schachfreunde Deizisau"]
[BlackTeam "SF Berlin"]
[WhiteFideId "24624632"]
[BlackFideId "1188062"]
[EventDate "2020.09.16"]

1. e4 c6 2. Nc3 d5 3. Nf3 dxe4 4. Nxe4 Nf6 5. Qe2 Nxe4 6. Qxe4 Be6 7. c4 Nd7 8.
Be2 Nf6 9. Qe3 Bg4 10. h3 Bxf3 11. Bxf3 g6 12. O-O Bg7 13. d4 O-O 14. Rd1 a5 15.
Qb3 Qc7 16. Be3 a4 17. Qb4 e6 18. Rac1 Qd7 19. Bf4 Rfd8 20. Be5 Ra6 21. g3 Ne8
22. Bxg7 Nxg7 23. d5 cxd5 24. cxd5 e5 25. Bg4 Qd6 26. Qxb7 Rb6 27. Qa7 Rxb2 28.
Rc6 Qf8 29. Qxa4 h5 30. Bf3 Nf5 31. Bg2 1/2-1/2

[Event "ch-Schachbundesliga 2020"]
[Site "Karlsruhe GER"]
[Date "2020.09.19"]
[Round "5.2"]
[Board "2"]
[White "Baldauf, Marco"]
[Black "Meier, Georg"]
[Result "0-1"]
[WhiteTitle "GM"]
[BlackTitle "GM"]
[WhiteElo "2503"]
[BlackElo "2622"]
[WhiteTeam "SF Berlin"]
[BlackTeam "Schachfreunde Deizisau"]
[WhiteFideId "4688210"]
[BlackFideId "4675789"]
[EventDate "2020.09.16"]

1. d4 e6 2. c4 b6 3. e4 Bb4+ 4. Bd2 Bxd2+ 5. Qxd2 d5 6. Bd3 Ba6 7. Na3 dxc4 8.
Bxc4 Nf6 9. f3 O-O 10. Ne2 Qe7 11. Rc1 Rd8 12. Qe3 Qb4+ 13. Kf2 Bb7 14. g4 Bxe4
15. g5 Ng4+ 16. fxg4 Bxh1 17. Rxh1 Nc6 18. Qe4 Qxb2 19. Nb5 Nb4 20. h4 c6 21. g6
cxb5 22. gxf7+ Kf8 23. Bb3 Nd5 24. Rc1 Rd7 25. Qxe6 Nf4 26. Qe4 Qxe2+ 27. Qxe2
Nxe2 28. Kxe2 Rxd4 29. Kf3 a5 0-1

[Event "ch-Schachbundesliga 2020"]
[Site "Karlsruhe GER"]
[Date "2020.09.19"]
[Round "5.2"]
[Board "3"]
[White "Bluebaum, Matthias"]
[Black "Sprenger, Jan Michael"]
[Result "1-0"]
[WhiteTitle "GM"]
[BlackTitle "GM"]
[WhiteElo "2660"]
[BlackElo "2482"]
[WhiteTeam "Schachfreunde Deizisau"]
[BlackTeam "SF Berlin"]
[WhiteFideId "24651516"]
[BlackFideId "4646258"]
[EventDate "2020.09.16"]

1. d4 Nf6 2. Nf3 e6 3. Bf4 b6 4. e3 Bb7 5. Bd3 c5 6. O-O Be7 7. h3 O-O 8. Nbd2
d6 9. Bh2 Re8 10. c3 Nc6 11. Re1 a6 12. a4 Bf8 13. Qb3 Rc8 14. dxc5 dxc5 15. Qc2
Bd6 16. Bxd6 Qxd6 17. Nc4 Qc7 18. Qb3 Nd7 19. Rad1 g6 20. Be2 Na5 21. Nxa5 bxa5
22. Rd2 Nf6 23. Red1 Bd5 24. Bc4 Rb8 25. Qa2 Rb6 26. Bxd5 Nxd5 27. Qc4 Nf6 28.
Qh4 Kg7 29. Ng5 Re7 30. Ne4 Nxe4 31. Qxe4 e5 32. Rd8 Qb7 33. Qh4 Rbe6 34. R1d2
e4 35. Qg5 Re5 36. Qg4 R5e6 37. R8d5 Qc6 38. h4 Qxa4 39. Rxc5 Rd7 40. Rxa5 Qc6
41. Rxd7 Qxd7 42. Rxa6 h5 43. Qe2 Rxa6 44. Qxa6 Qd1+ 45. Qf1 Qg4 46. b4 Qxh4 47.
b5 Qf6 48. Qb1 Qxc3 49. b6 Qe5 50. b7 Qb8 51. Qxe4 1-0

[Event "ch-Schachbundesliga 2020"]
[Site "Karlsruhe GER"]
[Date "2020.09.19"]
[Round "5.2"]
[Board "4"]
[White "Blohberger, Felix"]
[Black "Donchenko, Alexander"]
[Result "1-0"]
[WhiteTitle "IM"]
[BlackTitle "GM"]
[WhiteElo "2467"]
[BlackElo "2654"]
[WhiteTeam "SF Berlin"]
[BlackTeam "Schachfreunde Deizisau"]
[WhiteFideId "1632051"]
[BlackFideId "24603295"]
[EventDate "2020.09.16"]

1. e4 c6 2. d4 d5 3. exd5 cxd5 4. c4 Nf6 5. Nc3 Nc6 6. Nf3 a6 7. c5 Bg4 8. Be2
g6 9. O-O Bg7 10. h3 Bxf3 11. Bxf3 O-O 12. Rb1 e6 13. Bf4 Nd7 14. Ne2 a5 15. b3
b6 16. cxb6 Qxb6 17. Be3 Rfc8 18. Qd2 Nf6 19. Rfc1 Bf8 20. Qb2 Ne8 21. Nc3 Bg7
22. Na4 Qa7 23. Rc5 Bf8 24. Rc3 Ne7 25. Nc5 Nf5 26. Rbc1 Bg7 27. Qd2 Ned6 28. g4
Nxe3 29. fxe3 Qe7 30. Kh1 Rc7 31. Bg2 Rac8 32. Nd3 Bh6 33. Rxc7 Rxc7 34. Rxc7
Qxc7 35. Nc5 Qd8 36. Qe1 Qg5 37. e4 dxe4 38. Nxe4 Nxe4 39. Bxe4 Bg7 40. Qc3 Qf4
41. Qd3 Qf2 42. d5 Be5 43. Bg2 exd5 44. a3 d4 45. b4 axb4 46. axb4 Qe1+ 47. Bf1
Qxb4 48. Qe4 Qe7 49. Kg2 Qg5 50. Be2 Qf6 51. Qf3 Qd8 52. Bc4 Qc7 53. Qd5 Kg7 54.
Bd3 Qe7 55. Bc4 Qf6 56. Qf3 Bf4 57. Qd5 Be3 58. Qf3 Qe7 59. Qd5 Qc7 60. Bb3 Qa7
61. Qe5+ Kh6 62. h4 Qa1 63. Bd5 Qg1+ 64. Kh3 Qf2 65. Qh8 g5 66. Qf8+ Kg6 67. h5+ 1-0

[Event "ch-Schachbundesliga 2020"]
[Site "Karlsruhe GER"]
[Date "2020.09.19"]
[Round "5.2"]
[Board "6"]
[White "Schmidek, Emil"]
[Black "Lagarde, Maxime"]
[Result "1-0"]
[WhiteTitle "FM"]
[BlackTitle "GM"]
[WhiteElo "2395"]
[BlackElo "2657"]
[WhiteTeam "SF Berlin"]
[BlackTeam "Schachfreunde Deizisau"]
[WhiteFideId "12908150"]
[BlackFideId "662399"]
[EventDate "2020.09.16"]

1. e4 c5 2. Nf3 Nc6 3. d4 cxd4 4. Nxd4 Nf6 5. Nc3 e6 6. Ndb5 Bc5 7. Bf4 O-O 8.
Bc7 Qe7 9. Bd6 Bxd6 10. Qxd6 Qd8 11. O-O-O a6 12. Nd4 Ne7 13. Bd3 b5 14. g4 Bb7
15. f3 Ne8 16. Qg3 Qb6 17. Nce2 Nc6 18. Nxc6 dxc6 19. e5 c5 20. Qh4 h6 21. Be4
Bxe4 22. fxe4 c4 23. Qg3 b4 24. g5 h5 25. g6 fxg6 26. Nd4 Rd8 27. Rd2 h4 28.
Qxg6 Nc7 29. Rg1 Rf7 30. Nf5 Rdd7 31. Nh6+ Kf8 32. Nxf7 Rxf7 33. Rd8+ Ne8 34.
Rdd1 b3 35. axb3 cxb3 36. Rgf1 Qe3+ 37. Kb1 bxc2+ 38. Ka2 Rf3 39. Rxf3+ Qxf3 40.
Rd8 c1=N+ 41. Kb1 1-0

[Event "ch-Schachbundesliga 2020"]
[Site "Karlsruhe GER"]
[Date "2020.09.19"]
[Round "5.2"]
[Board "7"]
[White "Kollars, Dmitrij"]
[Black "Florstedt, Johannes"]
[Result "1-0"]
[WhiteTitle "GM"]
[BlackTitle "FM"]
[WhiteElo "2585"]
[BlackElo "2353"]
[WhiteTeam "Schachfreunde Deizisau"]
[BlackTeam "SF Berlin"]
[WhiteFideId "12909572"]
[BlackFideId "12922293"]
[EventDate "2020.09.16"]

1. e4 c5 2. Nf3 d6 3. d4 cxd4 4. Nxd4 Nf6 5. Nc3 a6 6. Be3 e5 7. Nf3 Be7 8. Bc4
O-O 9. O-O Be6 10. Bxe6 fxe6 11. Na4 Ng4 12. Qd3 Nxe3 13. Qxe3 b5 14. Nb6 Ra7
15. Nd5 Rb7 16. Qd3 Nc6 17. Rfd1 Bg5 18. Nc3 Rd7 19. a4 b4 20. Ne2 d5 21. Qxa6
Rd6 22. Qb5 Be7 23. Ng3 Rf4 24. Re1 Rxf3 25. gxf3 Nd4 26. Qd3 b3 27. cxb3 Rb6
28. Rec1 Rxb3 29. Rc3 Rxb2 30. Rac1 Qb6 31. exd5 exd5 32. Kh1 Rxf2 33. Nf5 Bf8
34. Rc8 Qf6 35. Nxd4 exd4 36. Rf1 Qh4 37. Rxf2 Qxf2 38. Re8 Kf7 39. Qe2 Qxe2 40.
Rxe2 Bb4 41. Re5 Bc3 42. Kg2 Kf6 43. Rxd5 Ke6 44. Rb5 1-0